00735nam a22002297a 450000500170000001000150001702000260003203500140005803700130007208200140008510000190009924501660011826000420028427000380032630000200036470000200038470000190040470000220042370000200044570000190046570000210048420170724153744.0 aENG-119324 a9788180642012c150.00 aEN-102856 bDBAD/PUB a510.24339 aBhukta,Anindya aFour essays on writing economic history of colonial India /cby Amiya Kumar Bagchi...[et...al] ; compiled by Jayanta Acharya, Subhasi Ghosh [and] Jenia Mukherjee aKolkatabProgressive Publishersc2011 a37 A, College StreetbKolkatae73 a119p.c23cm(Hb) a Wasbrook,David aMaharatna,Arup aBandopadhyay,Arun aJayanta Acharya aGhosh,Subhasi  a Mukherjee,Jenia